Statistics for Mamma Mia! characters

Click here to take the quiz!

General Stats

  • This quiz has been taken 36 times
  • The average score is 9 of 11

Answer Stats

Answer% Correct
Donna
100%
Sophie
100%
Bill
97%
Harry
97%
Sky
97%
Tanya
88%
Rosie
84%
Sam
84%
Ali
47%
Lisa
47%
Pepper
38%

Score Distribution

Percentile by Number Answered

Percent of People with Each Score

Your Score History

You have not taken this quiz